| 000 | 00586nam a2200193 i 4500 | ||
|---|---|---|---|
| 001 | 184634 | ||
| 003 | ES-MaACL | ||
| 005 | 20230906222237.0 | ||
| 008 | 151029s1935 sp |||| | spa d | ||
| 100 | 1 |
_aPalacio, José María. _988369 |
|
| 245 | 1 | 3 | _aLa propiedad / porJosé María Palacio. |
| 260 |
_aMadrid : _bDédalo, _c1935. |
||
| 300 |
_a462 p. ; _c17 cm. |
||
| 490 | 1 |
_aColección de Enquiridions ; _v1 |
|
| 650 | 4 |
_aPropiedad- _xAspectos religiosos. _9151166 |
|
| 830 | 0 |
_aColección de Enquiridions ; _v1 _9192215 |
|
| 852 |
_aES-MaACL _jE-3851 |
||
| 999 |
_c184634 _d184634 |
||